00971nam a2200277Ia 4500003000400000005001700004008004100021020003000062040001700092082002000109245011600129250001200245260003300257300002600290500001900316650002900335650002900364650003400393700002900427700002600456700003200482700002900514942000900543952012600552999001500678IIN20250520111504.0250520s2024 xx ad 001 0 eng d cRs.3499.00a9788131271414 aIINbEnglish a610.73076 bNUG1 aMosby's Comprehensive Review of Nursing: bfor the NCLEX-RN Examination /cedited by Patricia M. Nugent [et al] a20th ed aNew Delhi :bElsevier,c2024 axiv,849 p.bcol. ill. aIncludes Index1 aCommunity Health Nursing1 aQuestion SolvedvNursing1 aNCLEX-RN ExaminationvNursing aNugent, Patricia M. (ed) aGreen, Judith S. (ed) aSaul, Mary Ann Hellmer (ed) aPelikan, Phyllis K. (ed) cBOOK 00102ddc40708PURCHaIINbIINcGENd2025-03-11g3499.00l0o610.73076 NUGp2040r2025-05-20 11:15:34w2025-05-20yREF c1825d1825